000 00760nam a2200205Ii 4500
003 JO-AjNU
008 230605s9999||||xx |||||||||||||| ||und||
017 _a2013/11/3828
040 _aJO-AjNU
_bara
_erda
_cJO-AjNU
041 _aara
050 1 4 _aHQ1031.N3734 2013
100 3 _aتاليف ناصر الدين، تمارا يعقوب,
_eauthor
_946092
245 0 0 _aالزواج المختلط: أحكامه وآثاره القانونية في التشريع الأردني
264 3 1 _aعمان: جامعة الشرق الاوسط، 2013
300 _a128ص
336 _atext
_btxt
_2rdacontent
337 _aunmediated
_bn
_2rdamedia
338 _avolume
_bnc
_2rdacarrier
650 4 _aالزواج المختلط - القانون الخاص
_946093
999 _aA20027
_c23595
_d23595